<?xml version="1.0" encoding="UTF-8"?>
<record
    xmlns:xsi="http://www.w3.org/2001/XMLSchema-instance"
    xsi:schemaLocation="http://www.loc.gov/MARC21/slim http://www.loc.gov/standards/marcxml/schema/MARC21slim.xsd"
    xmlns="http://www.loc.gov/MARC21/slim">

  <leader>00467    a2200157   4500</leader>
  <controlfield tag="005">20250516121454.0</controlfield>
  <datafield tag="020" ind1=" " ind2=" ">
    <subfield code="a">978-0-07-297310-5</subfield>
  </datafield>
  <datafield tag="082" ind1=" " ind2=" ">
    <subfield code="a">658.405  LEW</subfield>
  </datafield>
  <datafield tag="100" ind1=" " ind2=" ">
    <subfield code="a">LEWICKI, R. J.</subfield>
  </datafield>
  <datafield tag="245" ind1=" " ind2=" ">
    <subfield code="a">Negotiation:  Readings, Exercises, Cases.</subfield>
  </datafield>
  <datafield tag="250" ind1=" " ind2=" ">
    <subfield code="a">5th Ed.</subfield>
  </datafield>
  <datafield tag="260" ind1=" " ind2=" ">
    <subfield code="a">New York,</subfield>
    <subfield code="b">Mcgraw- Hill  Irwin,</subfield>
    <subfield code="c">2007.</subfield>
  </datafield>
  <datafield tag="300" ind1=" " ind2=" ">
    <subfield code="a">x, 718p.: Ill.; figures </subfield>
    <subfield code="b">Bibliographical references  &amp; Index</subfield>
    <subfield code="c">24cm.</subfield>
  </datafield>
  <datafield tag="700" ind1=" " ind2=" ">
    <subfield code="a">BARRY, B. &amp; SAUNDERS, D. M.</subfield>
  </datafield>
  <datafield tag="942" ind1=" " ind2=" ">
    <subfield code="2">ddc</subfield>
    <subfield code="c">BKS</subfield>
  </datafield>
  <datafield tag="999" ind1=" " ind2=" ">
    <subfield code="c">2402</subfield>
    <subfield code="d">2402</subfield>
  </datafield>
  <datafield tag="952" ind1=" " ind2=" ">
    <subfield code="r">2025-05-16 12:16:29</subfield>
    <subfield code="l">0</subfield>
    <subfield code="o">658.405  LEW</subfield>
    <subfield code="p">0000009039</subfield>
    <subfield code="v">180000.00</subfield>
    <subfield code="w">2025-05-16</subfield>
    <subfield code="y">BKS</subfield>
    <subfield code="1">0</subfield>
    <subfield code="2">ddc</subfield>
    <subfield code="4">0</subfield>
    <subfield code="7">0</subfield>
    <subfield code="0">0</subfield>
    <subfield code="a">CBEML</subfield>
    <subfield code="b">CBEML</subfield>
    <subfield code="c">GEN</subfield>
    <subfield code="d">2011-07-09</subfield>
    <subfield code="g">60000.00</subfield>
  </datafield>
  <datafield tag="952" ind1=" " ind2=" ">
    <subfield code="r">2025-05-16 13:35:42</subfield>
    <subfield code="l">0</subfield>
    <subfield code="o">658.405 LEW</subfield>
    <subfield code="p">0000009070</subfield>
    <subfield code="v">180000.00</subfield>
    <subfield code="w">2025-05-16</subfield>
    <subfield code="y">BKS</subfield>
    <subfield code="1">0</subfield>
    <subfield code="2">ddc</subfield>
    <subfield code="4">0</subfield>
    <subfield code="7">0</subfield>
    <subfield code="0">0</subfield>
    <subfield code="a">CBEML</subfield>
    <subfield code="b">CBEML</subfield>
    <subfield code="c">GEN</subfield>
    <subfield code="d">2011-09-07</subfield>
    <subfield code="g">60000.00</subfield>
  </datafield>
  <datafield tag="952" ind1=" " ind2=" ">
    <subfield code="r">2025-05-16 13:35:42</subfield>
    <subfield code="l">0</subfield>
    <subfield code="o">658.405 LEW</subfield>
    <subfield code="p">0000009071</subfield>
    <subfield code="v">180000.00</subfield>
    <subfield code="w">2025-05-16</subfield>
    <subfield code="y">BKS</subfield>
    <subfield code="1">0</subfield>
    <subfield code="2">ddc</subfield>
    <subfield code="4">0</subfield>
    <subfield code="7">0</subfield>
    <subfield code="0">0</subfield>
    <subfield code="a">CBEML</subfield>
    <subfield code="b">CBEML</subfield>
    <subfield code="c">GEN</subfield>
    <subfield code="d">2011-09-07</subfield>
    <subfield code="g">60000.00</subfield>
  </datafield>
  <datafield tag="952" ind1=" " ind2=" ">
    <subfield code="r">2025-06-03 06:53:58</subfield>
    <subfield code="l">0</subfield>
    <subfield code="o">LECT 658.405 LEW</subfield>
    <subfield code="p">00000010707</subfield>
    <subfield code="v">180000.00</subfield>
    <subfield code="w">2025-06-03</subfield>
    <subfield code="y">BKS</subfield>
    <subfield code="1">0</subfield>
    <subfield code="2">ddc</subfield>
    <subfield code="4">0</subfield>
    <subfield code="7">0</subfield>
    <subfield code="0">0</subfield>
    <subfield code="a">CBEML</subfield>
    <subfield code="b">CBEML</subfield>
    <subfield code="c">SPECIAL</subfield>
    <subfield code="d">2011-07-09</subfield>
    <subfield code="g">60000.00</subfield>
  </datafield>
</record>
